Joueurs passés par le PSG - Statistiques

Statistiques générales
  • Ce quiz a été pris 380 fois
  • Le résultat moyen est 12 sur 15
Answers on the Grid
Answers color-coded by a green-red scale on the quiz's grid according to % correct below.
Kylian Mbappé
Ethan Mbappé
Paolo Dybala
Jorginho
Mitchell Baker
Robert Lewandowski
Thomas Muller
Thomas Lemar
Blaise Matuidi
Neymar Jr
Sergio Aguero
Ruben Dias
Carlos Soler
Luis Diaz
Steve Mandanda
Thiago Silva
Julian Draxler
James Rodriguez
Yuri Berchiche
Frenkie de Jong
Thiago Alcantara
David Alaba
Mauro Icardi
Corentin Tolisso
Thilo Kherer
Javier Pastore
Gonçalo Guedes
Moïse Kean
Leonardo Bonucci
Hatem Ben Arfa
 
Statistiques - réponses
Réponse % Correct
Kylian Mbappé
100%
Ethan Mbappé
92%
Blaise Matuidi
87%
Neymar Jr
86%
Thiago Silva
83%
Julian Draxler
81%
Carlos Soler
78%
Javier Pastore
78%
Hatem Ben Arfa
77%
Mauro Icardi
76%
Moïse Kean
75%
Thilo Kherer
75%
Mitchell Baker
74%
Yuri Berchiche
70%
Gonçalo Guedes
66%
Aucun quiz correspondant
Distribution des résultats
% des personnes avec chaque résultat
Percentile par nombre de réponses
Votre historique - résultats
Vous n’avez pas pris ce quiz